LIBRARY & INFORMATION CENTRE, KCAET, TAVANUR

ONLINE PUBLIC ACCESS CATALOGUE (OPAC)

Solid mechanics / (Record no. 7410)

MARC details
000 -LEADER
fixed length control field 00324cam a2200133ua 4500
020 ## - INTERNATIONAL STANDARD BOOK NUMBER
ISBN 9780074517154
082 ## - DEWEY DECIMAL CLASSIFICATION NUMBER
Classification number 620.105
Item number KAZ/SO
100 ## - MAIN ENTRY--AUTHOR NAME
Personal name Kazimi, S M A .
245 ## - TITLE STATEMENT
Title Solid mechanics /
250 ## - EDITION STATEMENT
Edition statement 1 /
260 ## - PUBLICATION, DISTRIBUTION, ETC. (IMPRINT)
Place of publication New Delhi :
Name of publisher Tata Mc-Graw Hill Publishing Company ,
Year of publication 1992.
300 ## - PHYSICAL DESCRIPTION
Number of Pages 450 ; .
942 ## - ADDED ENTRY ELEMENTS (KOHA)
Koha item type Books
Holdings
Withdrawn status Lost status Damaged status Home library Current library Date acquired Full call number Accession Number Koha item type Collection code Shelving location Source of acquisition Cost, normal purchase price
      KAUAET KAUAET 07/04/2012 620.105 18571 Books        
      KAUAET KAUAET 30/03/2013 620.105 KAZ/SO 23677 Books Non-fiction General Stacks Calicut Book Distributors 495.00
free website counter